| Поле | Название | Значение |
| |
Тип записи |
a |
| |
Библиографический уровень |
m |
| 001 |
Контрольный номер |
cab53d0cfa5b4c6aaabb0950d5aa74d4 |
| 005 |
Дата корректировки |
20240801120612.8 |
| 010 |
Индекс ISBN |
__ |
| a |
ISBN |
978-5-09-099911-3 |
| d |
Цена |
307-99 |
| 100 |
Данные общей обработки |
__ |
| a |
Данные общей обработки |
20240731d2023####|||y0rusy50######ca |
| 101 |
Язык документа |
0_ |
| a |
Язык текста |
rus |
| 102 |
Страна публикации |
__ |
| a |
Страна публикации |
RU |
| 200 |
Заглавие и сведения об ответственности |
1_ |
| a |
Заглавие |
Мама, папа, дайте денег! |
| e |
Сведения, относящиеся к заглавию |
как воспитать у детей разумное отношение к финансам |
| e |
Сведения, относящиеся к заглавию |
руководство для родителей по воспитанию финансово грамотных детей |
| f |
Первые сведения об ответственности |
О. С. Андреева |
| 210 |
Выходные данные |
1_ |
| a |
Место издания |
Москва |
| c |
Издательство |
Просвещение |
| d |
Дата издания |
2023 |
| 215 |
Физическое описание |
__ |
| a |
Объем |
205, [2] с. |
| 300 |
Общие примечания |
__ |
| a |
Общие примечания |
На обложке: Ассоциация развития финансовой грамотности |
| 320 |
Библиография |
__ |
| a |
Библиография |
Библиография: с. 207 |
| 330 |
Аннотация |
__ |
| a |
Аннотация |
В книге собраны рекомендации и практические советы с основами финансовой грамотности для формирования у детей правильного отношения к деньгам, рассказано, какими словами объяснить ребенку вопросы личных и семейных финансов. |
| 606 |
Тематические рубрики |
__ |
| a |
Основная рубрика |
Образование. Педагогика |
| 606 |
Тематические рубрики |
__ |
| a |
Основная рубрика |
Семейное воспитание и образование |
| 610 |
Ключевые слова |
0_ |
| a |
Ключевые слова |
семейное воспитание |
| a |
Ключевые слова |
экономическое воспитание детей |
| a |
Ключевые слова |
финансовая грамотность |
| a |
Ключевые слова |
деньги |
| a |
Ключевые слова |
потребности (финансы) |
| a |
Ключевые слова |
желания (финансы) |
| a |
Ключевые слова |
семейный бюджет |
| a |
Ключевые слова |
карманные деньги |
| a |
Ключевые слова |
информационная безопасность детей |
| a |
Ключевые слова |
личные финансы |
| a |
Ключевые слова |
сбережения |
| a |
Ключевые слова |
страхование (финансы) |
| a |
Ключевые слова |
благотворительность (финансы) |
| a |
Ключевые слова |
банковские карты |
| a |
Ключевые слова |
формирование семейного бюджета |
| a |
Ключевые слова |
финансовое мошенничество |
| a |
Ключевые слова |
инвестирование |
| a |
Ключевые слова |
кредиты |
| a |
Ключевые слова |
финансовая безопасность |
| a |
Ключевые слова |
наследование (финансы) |
| a |
Ключевые слова |
пенсии (финансы) |
| a |
Ключевые слова |
популярная экономика |
| 686 |
Индексы других классификаций |
__ |
| a |
Индекс ББК |
74.90 |
| 700 |
Автор |
_1 |
| a |
Фамилия |
Андреева |
| b |
Имя |
О. С. |
| g |
Полное личное имя |
Ольга Сергеевна |
| 801 |
Источник записи |
_0 |
| a |
Страна |
RU |
| b |
Организация |
Центральная районная библиотека им. Г. А. Пирожникова |
| c |
Дата составления |
20240731 |
| g |
Правила каталогизации |
bzbo |
| 801 |
Источник записи |
_1 |
| a |
Страна |
RU |
| b |
Организация |
Центральная районная библиотека им. Г. А. Пирожникова |
| c |
Дата составления |
20240731 |
| g |
Правила каталогизации |
bzbo |
| 852 |
Данные о местонахождении |
__ |
| j |
Шифр хранения |
74.90 |
| i |
Авторский знак |
А 655 |
| 901 |
Тип документа |
__ |
| t |
Тип документа |
m |
| 902 |
Роль лиц |
__ |
| a |
Создатель БЗ |
ОКиО/Колмакова |